[Event "Baltic Pearl op 16th"]
[Site "Lazy"]
[Date "2020.07.05"]
[Round "8"]
[White "Luch, Michal"]
[Black "Mielczarski, Miroslaw"]
[Result "1/2-1/2"]
[WhiteElo "2409"]
[BlackElo "2156"]
[PlyCount "69"]
[EventDate "2020.06.28"]
[EventType "swiss"]
[EventRounds "9"]
[EventCountry "POL"]
[SourceTitle "CBM 197 Extra"]
[Source "ChessBase"]
[SourceDate "2020.09.30"]
[SourceVersion "1"]
[SourceVersionDate "2020.09.30"]
[SourceQuality "1"]

1. d4 d5 2. c4 c6 3. Nf3 Nf6 4. e3 Bf5 5. Nc3 e6 6. Nh4 Bg6 7. Nxg6 hxg6 8. Bd2 Bd6 9. Qb3 b6 10. g3 Nbd7 11. Bg2 Rc8 12. cxd5 exd5 13. Rc1 0-0 14. 0-0 Re8 15. Rc2 Nf8 16. Rfc1 Qd7 17. Ne2 g5 18. Bb4 Rc7 19. Bxd6 Qxd6 20. Rd1 g6 21. Nc1 Kg7 22. Nd3 Ne6 23. Qb4 c5 24. Qa3 Rd8 25. dxc5 bxc5 26. Nc1 d4 27. Nb3 Qb6 28. exd4 c4 29. Nc1 Nxd4 30. Rcd2 Rcd7 31. Qc3 Nb5 32. Qc2 Nd4 33. Qc3 Nb5 34. Qc2 Nd4 35. Bf1 1/2-1/2

[Event "Kochan Memorial op 27th"]
[Site "Koszalin"]
[Date "2016.08.11"]
[Round "5"]
[White "Cagara, Paulina"]
[Black "Mielczarski, Miroslaw"]
[Result "1/2-1/2"]
[WhiteElo "2052"]
[BlackElo "2157"]
[PlyCount "89"]
[EventDate "2016.08.08"]
[EventType "swiss"]
[EventRounds "9"]
[EventCountry "POL"]
[SourceTitle "CBM 173 Extra"]
[Source "ChessBase"]
[SourceDate "2016.08.29"]
[SourceVersion "1"]
[SourceVersionDate "2016.08.29"]
[SourceQuality "1"]

1. f4 d5 2. Nf3 Nf6 3. g3 c5 4. Bg2 Nc6 5. d3 g6 6. 0-0 Bg7 7. Nc3 d4 8. Na4 Qd6 9. c4 b6 10. a3 Bb7 11. Bd2 0-0 12. Rb1 Rab8 13. b4 Nd7 14. bxc5 bxc5 15. Ng5 Qc7 16. Qe1 Ba8 17. Ne4 Rxb1 18. Qxb1 Rb8 19. Qc2 Nd8 20. Bf3 f5 21. Ng5 Bxf3 22. Nxf3 Qb7 23. Bc1 Qb3 24. Qxb3 Rxb3 25. Nd2 Rb7 26. Nf3 h6 27. Kg2 Kf7 28. h4 e6 29. h5 gxh5 30. Rh1 Nc6 31. Rxh5 Bf8 32. Rh1 Nf6 33. Bd2 Ng4 34. Nh2 Nf6 35. Kf3 Rb3 36. Ra1 e5 37. fxe5 Nxe5+ 38. Kg2 Ke6 39. Bxh6 Bd6 40. Bf4 Ned7 41. Bxd6 Kxd6 42. Nf3 Rb8 43. Rh1 Rb3 44. Ra1 Rb8 45. Rh1 1/2-1/2

[Event "Kochan Memorial op 27th"]
[Site "Koszalin"]
[Date "2016.08.10"]
[Round "3"]
[White "Mielczarski, Miroslaw"]
[Black "Lopuszanski, Kamil"]
[Result "1/2-1/2"]
[WhiteElo "2157"]
[BlackElo "1991"]
[PlyCount "71"]
[EventDate "2016.08.08"]
[EventType "swiss"]
[EventRounds "9"]
[EventCountry "POL"]
[SourceTitle "CBM 173 Extra"]
[Source "ChessBase"]
[SourceDate "2016.08.29"]
[SourceVersion "1"]
[SourceVersionDate "2016.08.29"]
[SourceQuality "1"]

1. d4 Nf6 2. c4 g6 3. Nc3 Bg7 4. Nf3 d6 5. e3 0-0 6. Be2 Nbd7 7. 0-0 e5 8. Qc2 Re8 9. b4 a5 10. bxa5 Rxa5 11. Bb2 h5 12. Rfd1 e4 13. Nd2 Qe7 14. Nb5 Nf8 15. Nb3 Ra6 16. d5 b6 17. h3 Bb7 18. Bd4 Rd8 19. a4 Rda8 20. Qc3 c5 21. dxc6 Bxc6 22. a5 bxa5 23. Nxa5 Be8 24. Nb3 d5 25. c5 Ne6 26. Be5 Bxb5 27. Bxb5 Rxa1 28. Rxa1 Rxa1+ 29. Qxa1 Nxc5 30. Bxf6 Bxf6 31. Qa8+ Kg7 32. Qxd5 Nxb3 33. Qxb3 Qc5 34. Be8 Qc1+ 35. Kh2 Qc7+ 36. Kg1 1/2-1/2

[Event "Lazy op 12th"]
[Site "Lazy"]
[Date "2016.06.26"]
[Round "1"]
[White "Mielczarski, Miroslaw"]
[Black "Szewczak, Andrzej"]
[Result "1-0"]
[WhiteElo "2107"]
[BlackElo "1803"]
[PlyCount "126"]
[EventDate "2016.06.26"]
[EventType "swiss"]
[EventRounds "9"]
[EventCountry "POL"]
[SourceTitle "CBM 173 Extra"]
[Source "ChessBase"]
[SourceDate "2016.08.29"]
[SourceVersion "1"]
[SourceVersionDate "2016.08.29"]
[SourceQuality "1"]

1. d4 f5 2. Nf3 Nf6 3. g3 d5 4. c4 c6 5. Bg2 Be6 6. cxd5 Bxd5 7. Nc3 e6 8. 0-0 Be7 9. Nxd5 exd5 10. Qd3 Qc8 11. Ne5 0-0 12. Bd2 Ne4 13. Bf4 Nd7 14. Rac1 g5 15. Nxd7 Qxd7 16. Be5 Bf6 17. b4 a6 18. a4 Be7 19. Rb1 b5 20. a5 g4 21. f3 Ng5 22. Rb2 Qe6 23. Rc1 Rac8 24. Qd2 Nf7 25. Rbc2 Rfe8 26. Bf4 Bf6 27. h3 h5 28. Kf2 Kf8 29. Qd3 Kg7 30. hxg4 hxg4 31. Rh1 Rh8 32. Rcc1 Bg5 33. Rxh8 Rxh8 34. Bxg5 Nxg5 35. Qe3 Qxe3+ 36. Kxe3 Re8+ 37. Kd3 Re6 38. Rh1 Nf7 39. fxg4 fxg4 40. Rh4 Nh6 41. e4 dxe4+ 42. Bxe4 Rf6 43. Rh5 Nf7 44. Rc5 Rd6 45. Ke3 Nd8 46. d5 cxd5 47. Rxd5 Rxd5 48. Bxd5 Kf6 49. Kf4 Ke7 50. Kxg4 Kd6 51. Bf3 Nf7 52. Kf5 Ne5 53. Bb7 Nd3 54. Bxa6 Kc6 55. g4 Nxb4 56. Bc8 Nd5 57. Ke5 b4 58. Be6 Ne7 59. g5 Kb5 60. Kf6 Nc6 61. g6 Nd4 62. g7 Nxe6 63. Kxe6 b3 1-0

[Event "Kochan Memorial op 26th"]
[Site "Koszalin"]
[Date "2015.08.21"]
[Round "6"]
[White "Przerwa, Waldemar"]
[Black "Mielczarski, Miroslaw"]
[Result "1-0"]
[WhiteElo "1773"]
[BlackElo "2145"]
[PlyCount "111"]
[EventDate "2015.08.17"]
[EventType "swiss"]
[EventRounds "9"]
[EventCountry "POL"]
[SourceTitle "EXT 2016"]
[Source "ChessBase"]
[SourceDate "2015.10.08"]
[SourceVersion "1"]
[SourceVersionDate "2015.10.08"]
[SourceQuality "1"]

1. e4 c5 2. Nf3 d6 3. d4 cxd4 4. Nxd4 Nf6 5. Nc3 g6 6. f3 Bg7 7. Be3 0-0 8. Qd2 Nc6 9. Bc4 Bd7 10. Nxc6 bxc6 11. Bb3 Qa5 12. 0-0 Rfd8 13. Rad1 Qc7 14. Bh6 Rab8 15. Bxg7 Kxg7 16. Qf4 Qa5 17. Rfe1 Qc5+ 18. Kh1 Nh5 19. Qxf7+ Kh6 20. Qxe7 Be8 21. Qf8+ Ng7 22. Qf4+ g5 23. Qf6+ Bg6 24. h4 Nh5 25. hxg5+ Qxg5 26. Qxg5+ Kxg5 27. Kg1 Rb7 28. Kf2 Ng7 29. g3 h5 30. f4+ Kh6 31. f5 Bh7 32. Rh1 Kg5 33. Rd2 Ne8 34. Rhd1 Re7 35. Kf3 Re5 36. Bf7 d5 37. Bxe8 Rdxe8 38. exd5 Bxf5 39. Kf2 Bg4 40. Rc1 cxd5 41. Nxd5 Re2+ 42. Rxe2 Rxe2+ 43. Kf1 Rh2 44. Kg1 Rd2 45. Ne3 Re2 46. Nf1 Bf3 47. Ne3 Be4 48. Nd1 Rg2+ 49. Kf1 Rxg3 50. Nf2 Bf5 51. Nh1 Rf3+ 52. Ke2 Bg4 53. Nf2 Kf4 54. Nxg4 hxg4 55. Rf1 Kg3 56. Rxf3+ 1-0

[Event "Kochan Memorial op 26th"]
[Site "Koszalin"]
[Date "2015.08.20"]
[Round "5"]
[White "Mielczarski, Miroslaw"]
[Black "Lisinski, Henryk"]
[Result "1/2-1/2"]
[WhiteElo "2145"]
[BlackElo "1875"]
[PlyCount "119"]
[EventDate "2015.08.17"]
[EventType "swiss"]
[EventRounds "9"]
[EventCountry "POL"]
[SourceTitle "EXT 2016"]
[Source "ChessBase"]
[SourceDate "2015.10.08"]
[SourceVersion "1"]
[SourceVersionDate "2015.10.08"]
[SourceQuality "1"]

1. d4 d5 2. c4 c6 3. Nc3 Nf6 4. Nf3 e6 5. e3 Bd6 6. Bd3 Nbd7 7. 0-0 0-0 8. b3 e5 9. cxd5 cxd5 10. Nb5 Bb8 11. dxe5 Nxe5 12. Nbd4 Nxd3 13. Qxd3 a6 14. Bb2 Re8 15. Rac1 Bg4 16. Nf5 Bxf3 17. gxf3 Be5 18. Bd4 g6 19. Ng3 Qd6 20. Rc2 Rac8 21. Rfc1 Rxc2 22. Rxc2 Nd7 23. f4 Bxd4 24. Qxd4 Nf6 25. Kg2 h5 26. h4 Qd8 27. f3 Kh7 28. Kf2 Qe7 29. f5 Rd8 30. Rc5 Kg8 31. b4 Qd6 32. Kg2 Ne8 33. fxg6 fxg6 34. Ne2 Ng7 35. Qf4 Nf5 36. Qxd6 Rxd6 37. Rc8+ Kf7 38. Rc7+ Kf6 39. Rxb7 Nxe3+ 40. Kf2 Nf5 41. a4 d4 42. Ke1 Nxh4 43. f4 Nf5 44. Kd2 h4 45. Kd3 Re6 46. a5 g5 47. Nxd4 Nxd4 48. fxg5+ Kxg5 49. Kxd4 h3 50. Rh7 Rh6 51. Rg7+ Kf4 52. Rg1 h2 53. Rh1 Rh5 54. b5 axb5 55. Kc3 Kg3 56. Kb4 Kg2 57. Rxh2+ Kxh2 58. a6 Kg3 59. a7 Rh8 60. Kxb5 1/2-1/2

[Event "Kochan Memorial op 26th"]
[Site "Koszalin"]
[Date "2015.08.17"]
[Round "1"]
[White "Mielczarski, Miroslaw"]
[Black "Koszowski, Krystian"]
[Result "1-0"]
[WhiteElo "2145"]
[BlackElo "1741"]
[PlyCount "101"]
[EventDate "2015.08.17"]
[EventType "swiss"]
[EventRounds "9"]
[EventCountry "POL"]
[SourceTitle "EXT 2016"]
[Source "ChessBase"]
[SourceDate "2015.10.08"]
[SourceVersion "1"]
[SourceVersionDate "2015.10.08"]
[SourceQuality "1"]

1. d4 d5 2. c4 e6 3. Nc3 Nf6 4. Nf3 h6 5. e3 c5 6. a3 Nc6 7. Be2 Be7 8. 0-0 0-0 9. dxc5 Bxc5 10. b4 Be7 11. Bb2 b6 12. cxd5 Nxd5 13. Nxd5 exd5 14. Rc1 Bb7 15. Qd2 Qd6 16. Rfd1 Rad8 17. Nd4 Nxd4 18. Bxd4 Rc8 19. Bg4 Rxc1 20. Rxc1 Ba6 21. Be2 Bxe2 22. Qxe2 Bf6 23. Qb2 Bxd4 24. Qxd4 Qe6 25. g3 Rd8 26. Kg2 Rd7 27. Rd1 f5 28. Qc3 Kf7 29. h4 Qf6 30. Qc2 g6 31. Rd4 Qe5 32. Qd3 Ke6 33. a4 Qd6 34. Rf4 Qe5 35. Qb5 d4 36. Qc6+ Qd6 37. Qc8 dxe3 38. fxe3 Qd5+ 39. e4 Qd2+ 40. Rf2 Qd3 41. Qe8+ Kf6 42. e5+ Kg7 43. Kh2 Qd4 44. Re2 Qd3 45. Rf2 Qd4 46. Rg2 f4 47. e6 fxg3+ 48. Kh3 Rc7 49. h5 gxh5 50. Rxg3+ Kf6 51. Qh8+ 1-0

[Event "Lazy op 11th"]
[Site "Lazy"]
[Date "2015.07.06"]
[Round "8"]
[White "Kowalski, Igor"]
[Black "Mielczarski, Miroslaw"]
[Result "1-0"]
[WhiteElo "2106"]
[BlackElo "2191"]
[PlyCount "157"]
[EventDate "2015.06.28"]
[EventType "swiss"]
[EventRounds "9"]
[EventCountry "POL"]
[SourceTitle "CBM 167 Extra"]
[Source "ChessBase"]
[SourceDate "2015.09.14"]
[SourceVersion "1"]
[SourceVersionDate "2015.09.14"]
[SourceQuality "1"]

1. c4 e6 2. Nc3 d5 3. cxd5 exd5 4. d4 c6 5. Qc2 g6 6. Bf4 Bf5 7. Qd2 Nf6 8. Nf3 Bg7 9. h3 0-0 10. g4 Ne4 11. Nxe4 Bxe4 12. Bg2 Nd7 13. Bg5 f6 14. Bf4 Qe7 15. 0-0 Rfe8 16. Rac1 a5 17. Qc3 Bf8 18. a3 a4 19. Rfe1 Qe6 20. Nd2 Bxg2 21. Kxg2 f5 22. g5 Rec8 23. Nf3 Bg7 24. Qb4 b5 25. Bd6 Nb6 26. Bc5 Nc4 27. Nd2 f4 28. Nf3 Re8 29. Qc3 Rad8 30. Ra1 Rd7 31. b3 axb3 32. Qxb3 Rb7 33. a4 Reb8 34. a5 Bf8 35. a6 Rd7 36. Qb4 Ra7 37. Ra2 Nb6 38. Bxf8 Rxf8 39. Qc5 Rb8 40. Rc1 Qe8 41. Qxc6 Qxc6 42. Rxc6 b4 43. Nd2 Nc4 44. Nxc4 dxc4 45. Rxc4 b3 46. Rb2 Rxa6 47. Rc3 Rab6 48. Kf3 Rb4 49. Rd3 Rd8 50. Rbxb3 Rdxd4 51. Rxd4 Rxd4 52. Rb8+ Kf7 53. Rb7+ Kg8 54. Re7 Ra4 55. Re4 Ra3+ 56. Kg4 f3 57. e3 Ra1 58. Kxf3 Kf7 59. Rh4 Kg7 60. Rb4 Rh1 61. Kg2 Ra1 62. Rb7+ Kg8 63. e4 Re1 64. f3 Re2+ 65. Kg3 Re1 66. h4 Rg1+ 67. Kf4 Rh1 68. Kg3 Rg1+ 69. Kh2 Rf1 70. Kg2 Re1 71. Re7 Re2+ 72. Kg3 Re1 73. Ra7 Re2 74. Kf4 Rh2 75. Ke5 Rxh4 76. f4 Rg4 77. f5 gxf5 78. Kf6 h6 79. g6 1-0

[Event "Lazy op 11th"]
[Site "Lazy"]
[Date "2015.06.28"]
[Round "1"]
[White "Mielczarski, Miroslaw"]
[Black "Sliwicka, Alicja"]
[Result "1-0"]
[WhiteElo "2191"]
[BlackElo "2015"]
[PlyCount "73"]
[EventDate "2015.06.28"]
[EventType "swiss"]
[EventRounds "9"]
[EventCountry "POL"]
[SourceTitle "CBM 167 Extra"]
[Source "ChessBase"]
[SourceDate "2015.09.14"]
[SourceVersion "1"]
[SourceVersionDate "2015.09.14"]
[SourceQuality "1"]

1. d4 d5 2. Nf3 Nf6 3. c4 e6 4. Nc3 Bb4 5. e3 0-0 6. Bd3 dxc4 7. Bxc4 c5 8. 0-0 Bxc3 9. bxc3 Qc7 10. Qe2 b6 11. Ne5 Bb7 12. f3 Rd8 13. Ba3 Nbd7 14. Nxd7 Nxd7 15. e4 e5 16. d5 a6 17. Bb3 b5 18. c4 b4 19. Bb2 a5 20. Ba4 Nb6 21. Bb5 a4 22. f4 Qe7 23. Rae1 Ba6 24. Bxa6 Rxa6 25. Bxe5 f6 26. Ba1 Rf8 27. e5 f5 28. e6 Nc8 29. Rf3 Ra7 30. Rg3 g6 31. Qe5 Qg7 32. d6 Qxe5 33. Bxe5 Rd8 34. d7 Ne7 35. Bd6 Kf8 36. Bxc5 Rb7 37. Rb1 1-0

[Event "Kochan Memorial op 25th"]
[Site "Koszalin"]
[Date "2014.08.16"]
[Round "7"]
[White "Mielczarski, Miroslaw"]
[Black "Smieszek, Wojciech"]
[Result "0-1"]
[WhiteElo "2202"]
[BlackElo "2031"]
[PlyCount "110"]
[EventDate "2014.08.10"]
[EventType "swiss"]
[EventRounds "9"]
[EventCountry "POL"]
[SourceTitle "CBM 161 Extra"]
[Source "ChessBase"]
[SourceDate "2014.08.29"]
[SourceVersion "1"]
[SourceVersionDate "2014.08.29"]
[SourceQuality "1"]

1. d4 Nf6 2. c4 c5 3. d5 e6 4. Nc3 exd5 5. cxd5 d6 6. e4 g6 7. Nf3 Bg7 8. Be2 0-0 9. 0-0 Re8 10. Nd2 Nbd7 11. Re1 Ne5 12. h3 g5 13. Nf1 g4 14. hxg4 Nfxg4 15. Bf4 Ng6 16. Bg3 h5 17. Nh2 h4 18. Bxh4 Qxh4 19. Bxg4 Bd4 20. Rf1 Kg7 21. Bxc8 Raxc8 22. Nf3 Qf6 23. Ne2 Bxb2 24. Ng3 Rh8 25. Nf5+ Kf8 26. Rb1 Ne7 27. Ng3 b6 28. Re1 Ng6 29. Nf5 Rh7 30. g3 Be5 31. Kg2 Ne7 32. N3h4 Qh8 33. Qg4 Nxf5 34. Qxf5 Ke7 35. Rh1 Rg8 36. Qxh7 Qxh7 37. Nf5+ Qxf5 38. exf5 Rg5 39. a4 Rxf5 40. a5 Bd4 41. f4 Rxd5 42. axb6 axb6 43. Rxb6 c4 44. Rb7+ Ke6 45. Re1+ Kf6 46. Rd1 c3 47. Rc7 Ke6 48. Rc4 Bg7 49. Re4+ Kf5 50. Rxd5+ Kxe4 51. Rxd6 c2 52. Rc6 Kd3 53. Rxc2 Kxc2 54. g4 Kd3 55. Kf3 f6 0-1

[Event "Kochan Memorial op 25th"]
[Site "Koszalin"]
[Date "2014.08.14"]
[Round "5"]
[White "Dmochowska, Agnieszka"]
[Black "Mielczarski, Miroslaw"]
[Result "0-1"]
[WhiteElo "1872"]
[BlackElo "2202"]
[PlyCount "62"]
[EventDate "2014.08.10"]
[EventType "swiss"]
[EventRounds "9"]
[EventCountry "POL"]
[SourceTitle "CBM 161 Extra"]
[Source "ChessBase"]
[SourceDate "2014.08.29"]
[SourceVersion "1"]
[SourceVersionDate "2014.08.29"]
[SourceQuality "1"]

1. e4 c6 2. d4 d5 3. Nc3 dxe4 4. Nxe4 Nd7 5. Ng5 Ngf6 6. Bd3 e6 7. N1f3 Bd6 8. Qe2 h6 9. Ne4 Nxe4 10. Qxe4 Nf6 11. Qe2 0-0 12. Bd2 c5 13. 0-0-0 cxd4 14. Nxd4 Qb6 15. Nb5 Bc5 16. g4 e5 17. g5 hxg5 18. Bxg5 e4 19. Bc4 Bg4 20. Qd2 Rad8 21. Qf4 Rxd1+ 22. Rxd1 Bxd1 23. Kxd1 a6 24. Nc3 Bd6 25. Qh4 Be5 26. Bb3 Qc6 27. Qh3 Rd8+ 28. Ke2 Bxc3 29. Qxc3 Qb5+ 30. Qc4 Qxg5 31. Qxf7+ Kh7 0-1

[Event "Kochan Memorial op 24th"]
[Site "Koszalin"]
[Date "2013.08.11"]
[Round "2"]
[White "Luczak, Filip"]
[Black "Mielczarski, Miroslaw"]
[Result "0-1"]
[WhiteElo "1360"]
[BlackElo "2241"]
[PlyCount "82"]
[EventDate "2013.08.10"]
[EventType "swiss"]
[EventRounds "9"]
[EventCountry "POL"]
[SourceTitle "CBM 155 Extra"]
[Source "ChessBase"]
[SourceDate "2013.08.26"]
[SourceVersion "1"]
[SourceVersionDate "2013.08.26"]
[SourceQuality "1"]

1. e4 c5 2. Nf3 d6 3. d4 cxd4 4. Nxd4 Nf6 5. Nc3 Nc6 6. Be3 Ng4 7. Nxc6 bxc6 8. Bf4 e5 9. Bg3 Be7 10. Be2 Nf6 11. 0-0 0-0 12. Kh1 Rb8 13. b3 Qa5 14. Qd3 Nd7 15. a3 Nc5 16. Qe3 Ne6 17. b4 Qc7 18. f4 exf4 19. Bxf4 Nxf4 20. Qxf4 Bf6 21. Qf3 Be5 22. Rad1 Be6 23. h3 Qe7 24. Nb1 d5 25. exd5 cxd5 26. Bd3 Bc7 27. Rde1 Qd6 28. Kg1 Rfe8 29. g3 Qxg3+ 30. Qxg3 Bxg3 31. Re3 Bc7 32. Ref3 g6 33. h4 Re7 34. h5 Kg7 35. hxg6 hxg6 36. Nd2 Bg4 37. Rf6 Bf5 38. Rc6 Bb6+ 39. Kg2 Bxd3 40. cxd3 Re2+ 41. Kh3 Rxd2 0-1

[Event "Kochan Memorial op 23rd"]
[Site "Koszalin"]
[Date "2012.08.15"]
[Round "6"]
[White "Mielczarski, Miroslaw"]
[Black "Shishkin, Vadim"]
[Result "0-1"]
[WhiteElo "2238"]
[BlackElo "2485"]
[PlyCount "108"]
[EventDate "2012.08.11"]
[EventType "swiss"]
[EventRounds "9"]
[EventCountry "POL"]
[SourceTitle "CBM 149 Extra"]
[Source "ChessBase"]
[SourceDate "2012.08.24"]
[SourceVersion "1"]
[SourceVersionDate "2012.08.24"]
[SourceQuality "1"]

1. c4 Nf6 2. Nc3 d5 3. cxd5 Nxd5 4. e4 Nxc3 5. dxc3 Qxd1+ 6. Kxd1 e5 7. Kc2 Bc5 8. f3 Nd7 9. b4 Bb6 10. Bc4 a5 11. Ne2 Nf8 12. Rd1 Ne6 13. Bb2 Bd7 14. a3 Ke7 15. Bb3 c5 16. b5 Rac8 17. Bc4 a4 18. Bc1 Rhd8 19. Rb1 f6 20. Bd2 Nc7 21. Be3 Ne8 22. Bd5 Nd6 23. c4 Ba5 24. b6 Be6 25. Kd3 Bxd5 26. cxd5 c4+ 27. Kc2 c3 28. Rb4 Nc4 29. Rxc4 Rxc4 30. Rb1 Ra8 31. g4 g6 32. h4 Kd6 33. Ng3 Ra6 34. Rb5 Rc8 35. h5 Rc4 36. h6 Rc8 37. Bf2 Rc4 38. Ne2 Ra8 39. Be3 f5 40. gxf5 gxf5 41. Ng3 f4 42. Nf5+ Kd7 43. Bf2 Bb4 44. d6 Bxa3 45. Rxe5 Bxd6 46. Rd5 Rc6 47. Rd1 a3 48. Nd4 Rxb6 49. Nb3 Rxb3 50. Kxb3 a2 51. Ra1 Ra3+ 52. Kc2 b5 53. Bd4 b4 54. e5 Be7 0-1

[Event "Kochan Memorial op 23rd"]
[Site "Koszalin"]
[Date "2012.08.14"]
[Round "4"]
[White "Ovsejevitsch, Sergei"]
[Black "Mielczarski, Miroslaw"]
[Result "1-0"]
[WhiteElo "2561"]
[BlackElo "2238"]
[PlyCount "104"]
[EventDate "2012.08.11"]
[EventType "swiss"]
[EventRounds "9"]
[EventCountry "POL"]
[SourceTitle "CBM 149 Extra"]
[Source "ChessBase"]
[SourceDate "2012.08.24"]
[SourceVersion "1"]
[SourceVersionDate "2012.08.24"]
[SourceQuality "1"]

1. c4 Nf6 2. d4 e6 3. Nc3 Bb4 4. e3 c5 5. Bd3 0-0 6. Nf3 d5 7. 0-0 b6 8. cxd5 exd5 9. dxc5 bxc5 10. Ne2 Be6 11. b3 Nbd7 12. Bb2 Qe7 13. Rc1 Rfc8 14. Nf4 Rc7 15. Nxe6 fxe6 16. Qe2 e5 17. e4 c4 18. bxc4 d4 19. Nh4 g6 20. c5 Nxc5 21. Bc4+ Kg7 22. f4 Nfxe4 23. Nf3 Nc3 24. Bxc3 Bxc3 25. fxe5 Re8 26. Rcd1 d3 27. Bxd3 Bxe5 28. Qxe5+ Qxe5 29. Nxe5 Rxe5 30. Bc4 h5 31. Rfe1 Rxe1+ 32. Rxe1 Kf6 33. Rf1+ Ke5 34. Rf7 Rxf7 35. Bxf7 Kf6 36. Bc4 g5 37. g3 Ke5 38. Kg2 h4 39. gxh4 gxh4 40. Kh3 Ne4 41. Kxh4 Kf6 42. Bd3 Nc3 43. a3 Nd5 44. Kg4 Ke5 45. Kg5 Nf4 46. Bf5 Ng2 47. Bh3 Ne1 48. Bg4 Nc2 49. a4 Nd4 50. h4 Nc6 51. h5 Kd6 52. h6 Ke7 1-0

[Event "Kochan Memorial op 23rd"]
[Site "Koszalin"]
[Date "2012.08.13"]
[Round "3"]
[White "Sieciechowicz, Marcin"]
[Black "Mielczarski, Miroslaw"]
[Result "1/2-1/2"]
[WhiteElo "2441"]
[BlackElo "2238"]
[PlyCount "144"]
[EventDate "2012.08.11"]
[EventType "swiss"]
[EventRounds "9"]
[EventCountry "POL"]
[SourceTitle "CBM 149 Extra"]
[Source "ChessBase"]
[SourceDate "2012.08.24"]
[SourceVersion "1"]
[SourceVersionDate "2012.08.24"]
[SourceQuality "1"]

1. d4 d5 2. c4 dxc4 3. e4 c5 4. d5 Nf6 5. Nc3 e6 6. Bxc4 exd5 7. Nxd5 Nxd5 8. Bxd5 Be7 9. Ne2 0-0 10. 0-0 Nd7 11. Nc3 Nb6 12. Bf4 Kh8 13. Qh5 Qe8 14. Rad1 c4 15. Qe2 Bb4 16. Bxc4 Bxc3 17. Bb5 Bd7 18. Bxd7 Nxd7 19. bxc3 Rc8 20. Bd6 Rg8 21. Rd3 Qe6 22. f4 f5 23. e5 Nf6 24. Qf2 Ne4 25. Qxa7 Ra8 26. Qxb7 Qxa2 27. Re3 Ra4 28. Qd7 Nd2 29. Rfe1 Ne4 30. Rf1 Nd2 31. Re2 Re4 32. Ref2 Qd5 33. Qxf5 Nxf1 34. Rxf1 Re2 35. Qg4 Qe4 36. Qf3 Rc8 37. Qxe4 Rxe4 38. Rf3 g6 39. h3 Rcc4 40. f5 gxf5 41. Rxf5 Rxc3 42. Be7 Kg8 43. Rg5+ Kf7 44. Bf6 Ke6 45. Rg7 h5 46. Rh7 h4 47. Rh6 Rcc4 48. Bxh4+ Kxe5 49. Bg3+ Kf5 50. Rh5+ Kg6 51. Rd5 Re2 52. h4 Rg4 53. Rd3 Kh5 54. Rd5+ Kg6 55. Bf2 Ra2 56. g3 Rb4 57. Rd3 Kf5 58. Kg2 Kg4 59. Re3 Rc4 60. Re5 Rxf2+ 61. Kxf2 Rc2+ 62. Re2 Rc4 63. Kg2 Ra4 64. Kf2 Rb4 65. Ra2 Rc4 66. Ra3 Rb4 67. Ke2 Rb2+ 68. Kd1 Rg2 69. Kc1 Re2 70. Kd1 Rg2 71. Rd3 Ra2 72. Re3 Rb2 1/2-1/2

[Event "Kochan Memorial op 23rd"]
[Site "Koszalin"]
[Date "2012.08.11"]
[Round "1"]
[White "Adamowicz, Maciej"]
[Black "Mielczarski, Miroslaw"]
[Result "1/2-1/2"]
[WhiteElo "1969"]
[BlackElo "2238"]
[PlyCount "73"]
[EventDate "2012.08.11"]
[EventType "swiss"]
[EventRounds "9"]
[EventCountry "POL"]
[SourceTitle "CBM 149 Extra"]
[Source "ChessBase"]
[SourceDate "2012.08.24"]
[SourceVersion "1"]
[SourceVersionDate "2012.08.24"]
[SourceQuality "1"]

1. c4 Nf6 2. g3 e6 3. Bg2 d5 4. Nf3 Be7 5. 0-0 0-0 6. b3 c5 7. cxd5 Nxd5 8. Bb2 b6 9. d4 Bb7 10. Nc3 cxd4 11. Nxd5 Bxd5 12. Nxd4 Bf6 13. Rb1 Bxg2 14. Kxg2 a6 15. Nf3 Nd7 16. Qd6 Nc5 17. Rfd1 Bxb2 18. Rxb2 Ne4 19. Qxd8 Rfxd8 20. Rxd8+ Rxd8 21. Rc2 f6 22. Rc6 Rd6 23. Rxd6 Nxd6 24. Nd4 Kf7 25. Kf3 e5 26. Nc2 Ke6 27. e4 Nb5 28. Nb4 Nc3 29. Nxa6 Nxa2 30. Ke3 Nc1 31. Nc7+ Kd7 32. Nd5 Kc6 33. b4 Kb5 34. Kd2 Na2 35. Nc3+ Nxc3 36. Kxc3 Kc6 37. Kc4 1/2-1/2

[Event "Koszalin op"]
[Site "Koszalin"]
[Date "2009.01.23"]
[Round "9"]
[White "Zakoscielna, Kinga"]
[Black "Mielczarski, Miroslaw"]
[Result "0-1"]
[WhiteElo "2123"]
[BlackElo "2240"]
[PlyCount "112"]
[EventDate "2009.01.18"]
[EventType "swiss"]
[EventRounds "9"]
[EventCountry "POL"]
[SourceTitle "CBM 128 Extra"]
[Source "ChessBase"]
[SourceDate "2009.03.05"]
[SourceVersion "2"]
[SourceVersionDate "2009.03.25"]
[SourceQuality "1"]

1. e4 c5 2. Nf3 d6 3. d4 cxd4 4. Nxd4 Nf6 5. Nc3 Nc6 6. Bg5 e6 7. Qd2 Be7 8. 0-0-0 0-0 9. f4 Nxd4 10. Qxd4 Qa5 11. Kb1 Rd8 12. Be2 Bd7 13. Rhf1 h6 14. Bh4 Rac8 15. e5 dxe5 16. fxe5 Nd5 17. Nxd5 Bxh4 18. Nf6+ Bxf6 19. exf6 Ba4 20. Qg4 Bxc2+ 21. Ka1 Qg5 22. Rxd8+ Rxd8 23. Qc4 Qd2 24. fxg7 Kxg7 25. Bh5 Bg6 26. Bxg6 Kxg6 27. Qe4+ Kg7 28. a3 Rd5 29. h4 Qd3 30. Qf4 Rf5 31. Qg4+ Kh7 32. Rd1 Rf1 33. Rxf1 Qxf1+ 34. Ka2 Qf5 35. Qe2 Qd5+ 36. Kb1 e5 37. Qf2 Qd3+ 38. Ka2 Qd5+ 39. Kb1 Kg6 40. g3 a6 41. Kc2 f5 42. b3 Qe4+ 43. Kc1 Qd4 44. Qf3 e4 45. h5+ Kf6 46. Qf4 Qc3+ 47. Kb1 Qxb3+ 48. Ka1 Qd1+ 49. Ka2 Qe2+ 50. Ka1 Qd1+ 51. Ka2 Qd5+ 52. Kb1 Kg7 53. Qc7+ Qf7 54. Qe5+ Kh7 55. g4 Qb3+ 56. Kc1 Qc4+ 0-1

[Event "Koszalin op"]
[Site "Koszalin"]
[Date "2009.01.19"]
[Round "4"]
[White "Mielczarski, Miroslaw"]
[Black "Malisauskas, Vidmantas"]
[Result "0-1"]
[WhiteElo "2240"]
[BlackElo "2457"]
[PlyCount "84"]
[EventDate "2009.01.18"]
[EventType "swiss"]
[EventRounds "9"]
[EventCountry "POL"]
[SourceTitle "CBM 128 Extra"]
[Source "ChessBase"]
[SourceDate "2009.03.05"]
[SourceVersion "2"]
[SourceVersionDate "2009.03.25"]
[SourceQuality "1"]

1. d4 Nf6 2. c4 g6 3. Nc3 d5 4. Nf3 Bg7 5. e3 0-0 6. b4 Ne4 7. Bb2 Nxc3 8. Bxc3 c6 9. Bd3 dxc4 10. Bxc4 Nd7 11. 0-0 Nb6 12. Bd3 Qd6 13. a3 Bg4 14. Be2 Nd5 15. Bb2 Rfd8 16. h3 Bxf3 17. Bxf3 e5 18. dxe5 Bxe5 19. Qc2 Bxb2 20. Qxb2 Qf6 21. Qxf6 Nxf6 22. Rfd1 Kf8 23. Kf1 Rxd1+ 24. Rxd1 a5 25. Rb1 axb4 26. axb4 Ra6 27. g4 h6 28. Rd1 Ke7 29. Ke2 Nd7 30. Be4 Ra2+ 31. Rd2 Rxd2+ 32. Kxd2 Kd6 33. f4 Nf6 34. Kd3 Nxe4 35. Kxe4 c5 36. b5 g5 37. Kd3 b6 38. Ke4 Ke6 39. Kd3 Kd5 40. e4+ Ke6 41. Ke3 Kd6 42. h4 gxh4 0-1